000
00216 a2200097 4500
001
28943
100
_a
Stott G S
245
_a
Electrical Engineering Principle
260
_a
_b
McGraw-Hill
_c
090
_c
19337
_d
19337
942
_a
NUST-CAE
_c
M
_c
10377
999
_c
264016
_d
264016